| 000 | 00565 a2200181 4500 | ||
|---|---|---|---|
| 003 | OSt | ||
| 005 | 20240119095909.0 | ||
| 008 | 240119b |||||||| |||| 00| 0 eng d | ||
| 020 | _a9789391899011 | ||
| 040 | _coclc | ||
| 082 |
_a954.83 _bILL/M |
||
| 100 |
_aIllikkal, Zameel _910286 |
||
| 245 |
_aMalabar Viplavam Charithram Kanatheapoya Jeevithangalum Qabarukalum / _cZameel Illikkal |
||
| 250 | _a1st ed. | ||
| 260 |
_aKozhikode: _bIslamic Publishing House, _c2021. |
||
| 300 | _a134p. | ||
| 942 |
_2ddc _cBK _h954.83 _iILL/M _k954.83 _mILL/M |
||
| 999 |
_c43258 _d43258 |
||